| 000 | 00496nam a22001817a 4500 | ||
|---|---|---|---|
| 003 | CEME | ||
| 005 | 20210628203926.0 | ||
| 008 | 210126b xxu||||| |||| 00| 0 eng d | ||
| 020 | _a81-7808-828-2 | ||
| 040 | _c. | ||
| 082 | _a004.65 MAN | ||
| 100 |
_aMansfield, Kenneth C:Antonakos, James L _967870 |
||
| 245 | _aAn introduction to computer networking | ||
| 260 |
_aNEW DELHI _bPEARSON EDUCATION ASIA _c2002 |
||
| 300 | _aXI,596P | ||
| 650 |
_aCOMPUTER NETWORKING _960515 |
||
| 942 |
_cBK _2ddc |
||
| 999 |
_c575557 _d575557 |
||